Statistics for Things with Names from Classical Mythology

Click here to take the quiz!

General Stats

  • This quiz has been taken 75,234 times
    (65,234 since last reset)
  • The average score is 12 of 20

Answer Stats

ClueAnswer% Correct
Biggest city in FranceParis
96%
Mickey Mouse's dogPluto
95%
Ringed planetSaturn
95%
Former thermometer fillingMercury
92%
"Just do it"Nike
92%
Tendon that connects the heel
to the calf
Achilles
89%
Book of mapsAtlas
89%
One of the Williams sisters of tennisVenus
84%
U.S. moon programApollo
79%
Biggest city in ArizonaPhoenix
75%
M&M makersMars
59%
2007 comedy film about teen pregnancyJuno
56%
Spock's planetVulcan
51%
James Joyce novelUlysses
43%
Amsterdam soccer clubAjax
35%
French luxury goods makerHermès
28%
Trinidadian music genre popularized
by Harry Belafonte
Calypso
20%
Internet radio stationPandora
19%
Flightless South American birdRhea
13%
Japanese camera makerOlympus
12%

Score Distribution

Percentile by Number Answered

Percent of People with Each Score

Your Score History

You have not taken this quiz since the last reset